000 00762cam a22002651 4500
001 7777
003 BD-RjUL
005 20211208234454.0
008 140115s1963 maua b 001 0 eng
035 _a(BD-RjUL)7821
040 _aDLC/ICU
_cICU
_dDLC
_dBD-RjUL
_beng
041 _aeng
082 0 0 _a512.81
_bSAA 1963
100 1 _aSalem, Raphaël.
_924251
245 1 0 _aAlgebraic numbers and Fourier analysis /
_cRaphaël Salem
260 _aBoston :
_bHeath ,
_cc1963
300 _a66, [1] p. :
_bdiagrs. ;
_c23 cm.
504 _aBibliography: p. [67] and index.
650 0 _aNumber theory.
_924253
650 0 _aFourier series.
_924254
942 _2ddc
_cBK
999 _c7777
_d7777